| 000 | 00626cam a2200229 i 4500 | ||
|---|---|---|---|
| 001 | 4155266 | ||
| 005 | 20171214043208.0 | ||
| 008 | 790712s1979 paua b 001 0 eng | ||
| 010 | _a 78014633 | ||
| 020 |
_a0801967678 : _c$8.95 |
||
| 040 |
_aDLC _cDLC _dDLC |
||
| 041 | _aeng | ||
| 043 | _an-us--- | ||
| 080 | _a158.1 | ||
| 082 | 0 | 0 | _a158.1 FAN |
| 100 | 1 | _a18 | |
| 101 | _aSHP | ||
| 245 | 1 | 0 |
_aGet it all done and still be human : _cTony and Robbie Fanning. |
| 504 | _aBibliography: p. [145]-147. | ||
| 906 |
_a7 _bcbc _corignew _d2 _eocip _f19 _gy-gencatlg |
||
| 942 |
_2ddc _cBK |
||
| 999 |
_c38915 _d38915 |
||